| 000 | 01198nam2a2200241 4500 | ||
|---|---|---|---|
| 001 | RU\NLR\bibl\851954 | ||
| 005 | 20250614152250.0 | ||
| 021 |
_aRU _b2005-23902 _91213 |
||
| 035 | _a(NLR Aleph) 000840699 | ||
| 090 |
_a1418577 _c1418577 |
||
| 100 | _a20051011d2005 |||y0rusy50 ca | ||
| 101 | 0 | _arus | |
| 102 | _aRU | ||
| 105 | _aa ||||||||| | ||
| 200 | 0 | _a... 2005 года | |
| 210 |
_d2005 _aБ. м. |
||
| 215 | _a14 с. | ||
| 461 | 0 |
_1001RU\NLR\bibl\878322 _12001#$aИнформационные материалы для абитуриентов...$v...2005 года _91574995 _aСанкт-Петербургский государственный медицинский университет им. И. П. Павлова _cСанкт-Петербург _d2005 _fМ-во здравоохранения и социал. развития Рос. Федерации, С.-Петерб. гос. мед. ун-т им. акад. И. П. Павлова _nИзд-во СПбГМУ _tИнформационные материалы для абитуриентов... _v...2005 года |
|
| 801 | 0 |
_aRU _bNLR _c20051011 _grcr |
|
| 801 | 1 |
_aRU _bNLR _c20051011 |
|
| 942 | _cBOOK | ||
| 980 | _aNB | ||